HLP 2: réviser le bac/culture générale - Statistiques

Statistiques générales
  • Ce quiz a été pris 16 fois
    10 depuis la dernière actualisation
  • Le résultat moyen est 7 sur 29
Statistiques - réponses
Question Réponse % Correct
Julie se marie avec St Preux à la fin du livre : VRAI ou FAUX FAUX
100%
Comment se nomme la profonde mélancolie née du mal de vivre, que Charles Baudelaire exprime dans plusieurs poèmes de son recueil Les Fleurs du mal ? Le spleen
40%
Quelle œuvre de Goethe illustre cette naissance du romantisme en Allemagne ? Les souffrances du jeune Werther
40%
Qui a écrit Métamorphoses ? Ovide
40%
Qui a écrit la Julie ou Nouvelle Héloïse ? Rousseau
40%
De quand date-il ? (Siècle) XVIII
40%
Quel philosophe dit que l’art éveillerait spiritualité ? Hegel
30%
Comment appelle t'on la "maladie" qu'ont certains artistes du XIXème siècle ? Le mal du siècle
30%
Que ressent l'homme lorsqu'il est face à une force qui le dépasse, selon Kant ? Le sublime
30%
Dans quel oeuvre de Musset, le personnage principal est tiraillé entre l'héroïsme et la corruption ? Lorenzaccio
30%
Dans quelle œuvre de Chateaubriand, le personnage principal a pour confidente la nature ? René
30%
Comment s'appelle la femme dont Werther est fou amoureux ? Charlotte
20%
classique
20%
Que signifie Ut pictura poesis ? Comme la peinture, la poésie
20%
Dans quelle oeuvre ? Critique
20%
Dans quelle oeuvre ? Esthétique
20%
Qui l'a dit ? Horace
20%
Questce qui estjone et qi aten jonathan
20%
Dans quelle œuvre Musset en fait-il part ? Les Confessions d'un enfant du siècle
20%
Comment se nomme la plus célèbre œuvre de Friedrich qui illustre l'importance de la nature dans le romantisme ? Le Voyageur contemplant une mer de nuages
20%
Dans quelle œuvre de Lamartine, le personnage principal a également pour confidente la nature ? Méditations Poétiques
20%
Qui fait la distinction entre l'artiste et l'artisan ? Alain
10%
Dans quelle œuvre ? Critique de la faculté de juger
10%
Qui a dit : "Le langage poétique se lit au moins comme double" Kristeva
10%
romantique
10%
Quels sont les 3 types d'art selon Hegel ? symbolique
10%
Dans quelle oeuvre ? Système des beaux-arts
10%
Que signifie cette expression ? Tempête et Passion
10%
Comment s'appelle le mouvement allemand prédécesseur du romantisme Sturm and Dang
0%
Aucun quiz correspondant
Distribution des résultats
% des personnes avec chaque résultat
Percentile par nombre de réponses
Votre historique - résultats
Vous n’avez pas pris ce quiz depuis la dernière actualisation